[Event "2016 NSW Open"]
[Site "?"]
[Date "2016.06.13"]
[Round "7.3"]
[White "Parsonage, Ian"]
[Black "Bjelobrk, Igor"]
[Result "0-1"]
[LiveChessVersion "1.4.4"]
[BlackElo "2389"]
[WhiteElo "2019"]

1. e4 {[%clk 1:30:56]} c5 {[%clk 1:30:51]} 2. Nf3 {[%clk 1:30:50]} e6
{[%clk 1:31:12]} 3. c3 {[%clk 1:31:04]} Nf6 {[%clk 1:31:36]} 4. e5
{[%clk 1:30:45]} Nd5 {[%clk 1:32:01]} 5. d4 {[%clk 1:30:46]} cxd4
{[%clk 1:32:23]} 6. cxd4 {[%clk 1:31:07]} d6 {[%clk 1:32:44]} 7. Be2
{[%clk 1:30:16]} Be7 {[%clk 1:32:59]} 8. O-O {[%clk 1:30:16]} O-O
{[%clk 1:33:18]} 9. Bd2 {[%clk 1:28:07]} b6 {[%clk 1:33:24]} 10. Nc3
{[%clk 1:27:33]} Bb7 {[%clk 1:33:42]} 11. Rc1 {[%clk 1:26:51]} Nd7
{[%clk 1:33:54]} 12. Re1 {[%clk 1:23:22]} dxe5 {[%clk 1:30:34]} 13. Nxe5
{[%clk 1:22:26]} N7f6 {[%clk 1:28:41]} 14. Bf3 {[%clk 1:20:01]} h6
{[%clk 1:25:59]} 15. a3 {[%clk 1:17:55]} Bd6 {[%clk 1:23:38]} 16. Ne4
{[%clk 1:03:51]} Nxe4 {[%clk 1:19:20]} 17. Bxe4 {[%clk 1:04:14]} Rc8
{[%clk 1:18:57]} 18. Rxc8 {[%clk 1:03:05]} Bxc8 {[%clk 1:18:08]} 19. Qf3
{[%clk 0:56:05]} Bb7 {[%clk 1:17:00]} 20. Qh3 {[%clk 0:52:08]} Bxe5
{[%clk 1:12:46]} 21. dxe5 {[%clk 0:52:24]} Nf4 {[%clk 1:12:30]} 22. Bxf4
{[%clk 0:50:48]} Bxe4 {[%clk 1:12:52]} 23. Qg4 {[%clk 0:46:19]} Bf5
{[%clk 1:11:49]} 24. Qf3 {[%clk 0:45:21]} Qd4 {[%clk 1:11:25]} 25. b4
{[%clk 0:41:50]} Rd8 {[%clk 1:09:14]} 26. h3 {[%clk 0:41:58]} Qb2
{[%clk 1:05:19]} 27. Bc1 {[%clk 0:39:20]} Qc2 {[%clk 1:04:47]} 28. Be3
{[%clk 0:39:29]} Qc3 {[%clk 1:03:22]} 29. Rd1 {[%clk 0:36:38]} Rxd1+
{[%clk 1:03:41]} 30. Qxd1 {[%clk 0:37:03]} Qxa3 {[%clk 1:03:44]} 31. Qd8+
{[%clk 0:36:26]} Kh7 {[%clk 1:04:05]} 32. Qc7 {[%clk 0:34:48]} Bg6
{[%clk 1:00:28]} 33. Kh2 {[%clk 0:34:43]} Qxb4 {[%clk 1:00:18]} 34. Qxa7
{[%clk 0:34:57]} b5 {[%clk 1:00:41]} 35. Qc5 {[%clk 0:33:34]} Qb1
{[%clk 0:58:57]} 36. Bd2 {[%clk 0:33:06]} Be4 {[%clk 0:58:43]} 37. f3
{[%clk 0:32:15]} Bd5 {[%clk 0:58:04]} 38. Qc3 {[%clk 0:31:03]} Bc4
{[%clk 0:55:54]} 39. Qb4 {[%clk 0:29:16]} Qg6 {[%clk 0:54:46]} 40. Qc5
{[%clk 0:28:59]} Qc2 {[%clk 0:52:10]} 41. Qe3 {[%clk 0:28:10]} Bd3
{[%clk 0:51:21]} 42. Qf4 {[%clk 0:27:45]} Kg8 {[%clk 0:50:50]} 43. Qb4
{[%clk 0:27:25]} Bc4 {[%clk 0:46:00]} 44. Qd6 {[%clk 0:25:25]} Qb2
{[%clk 0:45:30]} 45. Kg3 {[%clk 0:24:26]} Bd5 {[%clk 0:44:36]} 46. Bb4
{[%clk 0:23:00]} Kh7 {[%clk 0:44:58]} 47. Ba3 {[%clk 0:21:43]} Qd4
{[%clk 0:44:44]} 48. Bc5 {[%clk 0:21:29]} Qa1 {[%clk 0:44:30]} 49. Bb4
{[%clk 0:21:26]} Qc1 {[%clk 0:43:41]} 50. h4 {[%clk 0:19:40]} Qa1
{[%clk 0:38:37]} 51. Qc7 {[%clk 0:19:26]} Qb1 {[%clk 0:35:29]} 52. Qc3
{[%clk 0:19:28]} Bc4 {[%clk 0:32:59]} 53. Qe1 {[%clk 0:19:24]} Qg6+
{[%clk 0:32:59]} 54. Kh2 {[%clk 0:19:16]} Qf5 {[%clk 0:28:49]} 55. Qe3
{[%clk 0:18:57]} Bd5 {[%clk 0:28:07]} 56. Bd2 {[%clk 0:18:21]} Kg8
{[%clk 0:27:31]} 57. Bc3 {[%clk 0:18:23]} Qh5 {[%clk 0:26:48]} 58. Kg3
{[%clk 0:17:34]} Bc4 {[%clk 0:25:24]} 59. Qf4 {[%clk 0:17:09]} Qg6+
{[%clk 0:25:09]} 60. Kh2 {[%clk 0:17:18]} Bf1 {[%clk 0:23:55]} 61. Qd2
{[%clk 0:16:32]} Bc4 {[%clk 0:20:55]} 62. Qf4 {[%clk 0:16:42]} Qd3
{[%clk 0:18:54]} 63. Qd2 {[%clk 0:16:54]} Qb1 {[%clk 0:18:46]} 64. Qe1
{[%clk 0:16:59]} Qf5 {[%clk 0:18:47]} 65. Qe3 {[%clk 0:17:20]} Kh7
{[%clk 0:19:06]} 66. Kg1 {[%clk 0:17:11]} Bd5 {[%clk 0:18:22]} 67. Kh2
{[%clk 0:17:27]} Kg8 {[%clk 0:15:48]} 68. Kg1 {[%clk 0:17:30]} Qh5
{[%clk 0:14:13]} 69. Qf4 {[%clk 0:17:46]} Qg6 {[%clk 0:14:00]} 70. Qe3
{[%clk 0:17:58]} b4 {[%clk 0:13:41]} 71. Bxb4 {[%clk 0:17:48]} Bxf3
{[%clk 0:14:00]} 72. Qxf3 {[%clk 0:17:58]} Qb1+ {[%clk 0:14:25]} 73. Kh2
{[%clk 0:17:23]} Qxb4 {[%clk 0:14:50]} 74. Kh3 {[%clk 0:15:51]} Qd4
{[%clk 0:14:31]} 75. Qa8+ {[%clk 0:15:12]} Kh7 {[%clk 0:14:54]} 76. Qb8
{[%clk 0:15:24]} Qd3+ {[%clk 0:14:31]} 77. Kh2 {[%clk 0:15:33]} Qe4
{[%clk 0:14:52]} 78. Kh3 {[%clk 0:15:42]} h5 {[%clk 0:15:08]} 0-1

[Event "2016 NSW Open"]
[Site "?"]
[Date "2016.06.13"]
[Round "7.4"]
[White "Boss, Stephen"]
[Black "O'Chee, Kevin"]
[Result "1-0"]
[LiveChessVersion "1.4.4"]
[BlackElo "2085"]
[WhiteElo "1829"]

1. c4 {[%clk 1:30:57]} Nf6 {[%clk 1:30:52]} 2. g3 {[%clk 1:31:22]} g6
{[%clk 1:31:01]} 3. Bg2 {[%clk 1:31:44]} Bg7 {[%clk 1:31:27]} 4. Nc3
{[%clk 1:32:05]} O-O {[%clk 1:31:36]} 5. Nf3 {[%clk 1:31:25]} d6 6. O-O
{[%clk 1:31:10]} e5 {[%clk 1:30:40]} 7. d3 {[%clk 1:31:35]} c6 {[%clk 1:30:45]}
8. Rb1 {[%clk 1:31:28]} Re8 {[%clk 1:30:44]} 9. Ne1 {[%clk 1:30:15]} Be6
{[%clk 1:28:58]} 10. e4 {[%clk 1:30:10]} Qb6 {[%clk 1:22:55]} 11. Be3
{[%clk 1:29:30]} Qc7 {[%clk 1:23:18]} 12. h3 {[%clk 1:28:45]} Qd7
{[%clk 1:22:52]} 13. Kh2 {[%clk 1:28:56]} d5 {[%clk 1:22:36]} 14. cxd5
{[%clk 1:27:40]} cxd5 {[%clk 1:22:58]} 15. d4 {[%clk 1:27:06]} exd4
{[%clk 1:16:08]} 16. Bxd4 {[%clk 1:22:39]} Nxe4 {[%clk 1:15:38]} 17. Bxg7
{[%clk 1:14:17]} Kxg7 {[%clk 1:15:41]} 18. Qd4+ {[%clk 1:12:43]} Nf6
{[%clk 1:11:07]} 19. Nd3 {[%clk 1:10:04]} Nc6 {[%clk 1:08:32]} 20. Qh4
{[%clk 1:05:37]} Rad8 {[%clk 1:02:19]} 21. Rbd1 {[%clk 1:03:14]} Qc7
{[%clk 1:01:55]} 22. Nf4 {[%clk 1:02:37]} d4 {[%clk 0:58:08]} 23. Nb5
{[%clk 0:55:39]} Qb6 {[%clk 0:56:44]} 24. Bxc6 {[%clk 0:49:16]} bxc6
{[%clk 0:51:34]} 25. Nxd4 {[%clk 0:49:11]} Bc8 {[%clk 0:51:21]} 26. g4
{[%clk 0:42:15]} Rxd4 {[%clk 0:48:46]} 27. Rxd4 {[%clk 0:41:50]} Qxd4
{[%clk 0:49:08]} 28. g5 {[%clk 0:42:08]} Ng8 1-0

[Event "2016 NSW Open"]
[Site "?"]
[Date "2016.06.13"]
[Round "7.5"]
[White "Perera, Pasan"]
[Black "Mallari, Donato"]
[Result "1/2-1/2"]
[LiveChessVersion "1.4.4"]
[BlackElo "1999"]
[WhiteElo "1982"]

1. d4 {[%clk 1:28:25]} Nf6 {[%clk 1:30:47]} 2. Nc3 {[%clk 1:28:49]} d5
{[%clk 1:30:25]} 3. Bg5 {[%clk 1:29:12]} Ne4 {[%clk 1:29:26]} 4. Nxe4
{[%clk 1:27:29]} dxe4 {[%clk 1:29:44]} 5. e3 {[%clk 1:23:02]} c6 {[%clk 1:29:48]}
6. c3 {[%clk 1:22:57]} Bf5 {[%clk 1:27:26]} 7. Bc4 {[%clk 1:15:06]} Qb6
{[%clk 1:23:13]} 8. Qb1 {[%clk 1:13:25]} e6 {[%clk 1:11:32]} 9. Ne2
{[%clk 1:11:53]} Bd6 {[%clk 1:11:33]} 10. O-O {[%clk 1:08:31]} Nd7
{[%clk 1:08:31]} 11. b4 {[%clk 1:07:57]} h5 {[%clk 1:07:40]} 12. Ng3
{[%clk 0:54:43]} Qc7 {[%clk 1:00:03]} 13. Nxf5 {[%clk 0:18:15]} Bxh2+
{[%clk 0:57:27]} 14. Kh1 {[%clk 0:18:44]} exf5 {[%clk 0:57:37]} 15. f3
{[%clk 0:12:12]} Nb6 {[%clk 0:46:26]} 16. Bb3 {[%clk 0:11:43]} f6
{[%clk 0:46:31]} 17. fxe4 {[%clk 0:11:22]} fxg5 {[%clk 0:45:33]} 18. e5
{[%clk 0:11:42]} g6 {[%clk 0:30:18]} 19. Kxh2 {[%clk 0:07:18]} Nd5
{[%clk 0:28:58]} 20. Qd3 {[%clk 0:05:02]} O-O-O {[%clk 0:29:14]} 21. a4
{[%clk 0:05:02]} Kb8 {[%clk 0:29:06]} 22. Bc4 {[%clk 0:04:34]} h4
{[%clk 0:27:30]} 23. b5 {[%clk 0:04:02]} g4 {[%clk 0:26:32]} 24. e4
{[%clk 0:02:39]} g3+ {[%clk 0:24:06]} 25. Kg1 {[%clk 0:02:51]} fxe4
{[%clk 0:24:06]} 26. Qxe4 {[%clk 0:02:47]} Nxc3 {[%clk 0:22:38]} 27. Qd3
{[%clk 0:01:27]} Nd5 {[%clk 0:22:10]} 28. Rac1 {[%clk 0:01:06]} Qb6
{[%clk 0:21:41]} 29. a5 {[%clk 0:00:45]} Qxa5 {[%clk 0:21:40]} 30. bxc6
{[%clk 0:01:07]} Nb4 {[%clk 0:20:05]} 31. c7+ {[%clk 0:00:58]} Qxc7
{[%clk 0:20:00]} 32. Qb3 {[%clk 0:00:44]} Qb6 {[%clk 0:20:16]} 33. Rf4
{[%clk 0:00:33]} Rxd4 {[%clk 0:18:00]} 34. Rxd4 {[%clk 0:00:42]} Qxd4+
{[%clk 0:18:16]} 35. Kh1 {[%clk 0:01:11]} h3 {[%clk 0:18:25]} 36. Qxg3
{[%clk 0:01:07]} hxg2+ {[%clk 0:18:35]} 37. Kxg2 {[%clk 0:01:33]} Qd2+
{[%clk 0:18:53]} 38. Kf3 {[%clk 0:01:56]} Qxc1 {[%clk 0:19:02]} 1/2-1/2

[Event "2016 NSW Open"]
[Site "?"]
[Date "2016.06.13"]
[Round "7.6"]
[White "Goh, Sean Christian"]
[Black "Brown, Andrew"]
[Result "0-1"]
[LiveChessVersion "1.4.4"]
[BlackElo "2199"]
[WhiteElo "1918"]

1. d4 e6 2. Nf3 b6 3. e4 Bb7 4. Nbd2 d6 5. Bd3 g6 6. O-O Bg7 7. c3 Nd7 8. Re1 Ne7
9. Nf1 O-O 10. Ng3 c5 11. Be3 h6 12. Qd2 Kh7 13. Bb5 Nf6 14. Bd3 Ng4 15. h3 Nxe3
16. Qxe3 Rc8 17. Rac1 c4 18. Bb1 e5 19. Rcd1 Qc7 20. Qe2 b5 21. Rd2 Nc6 22. Red1
exd4 23. Nxd4 Nxd4 24. cxd4 Rfe8 25. Qg4 h5 26. Qh4 Qe7 27. Qxe7 Rxe7 28. e5 dxe5
29. d5 h4 30. d6 Re6 31. d7 Rd8 32. Ne4 Bxe4 33. Bxe4 Bf8 34. Bb7 Rb6 35. Bc8 Bc5
36. Rc2 Bd4 37. Kf1 Kg7 38. f3 Kf8 39. Ra1 Rc6 40. a3 a5 41. Ke2 Ke7 42. Rac1 a4
43. Rf1 g5 44. Rd1 Rb6 45. Rdd2 Bxb2 46. Rxb2 c3 47. Rdc2 cxb2 48. Rxb2 Rg8 49.
Kd3 f5 50. Kc3 Kd8 51. Re2 Re6 52. Kb4 e4 53. Kxb5 exf3 54. Rxe6 f2 0-1